Geet / (Record no. 45384)

MARC details
000 -LEADER
fixed length control field 01254njm a22003017a 4500
005 - DATE AND TIME OF LATEST TRANSACTION
control field 20100913100347.0
007 - PHYSICAL DESCRIPTION FIXED FIELD--GENERAL INFORMATION
fixed length control field sd ammalaaahaa
008 - FIXED-LENGTH DATA ELEMENTS--GENERAL INFORMATION
fixed length control field 100913t xxu||||| |||| 00| 0 hin d
028 ## - PUBLISHER NUMBER
Publisher number TAE. 1647
Source ODEON
035 ## - SYSTEM CONTROL NUMBER
System control number GR-02015
040 ## - CATALOGING SOURCE
Original cataloging agency SED/VEN
100 ## - MAIN ENTRY--PERSONAL NAME
Personal name Mangeshkar, Lata
9 (RLIN) 19606
245 ## - TITLE STATEMENT
Title Geet /
Statement of responsibility, etc by Lata Mangeshkar & Mohd. Rafi ; music by Kalyanji Anandji ; lyric by Hasrat Jaipuri
Medium [sound recording] :
246 ## - VARYING FORM OF TITLE
Title proper/short title गीत (लता मंगेशकर और मोहमद.रफ़ी)
260 ## - PUBLICATION, DISTRIBUTION, ETC. (IMPRINT)
Place of publication, distribution, etc Dum Dum, India
Name of publisher, distributor, etc ODEON
Date of publication, distribution, etc 1970
300 ## - PHYSICAL DESCRIPTION
Extent 1 sound disc [Gramophone record] :
Other physical details analog, 45 rpm
Dimensions 7 in.
Type of unit Gramophone record
500 ## - GENERAL NOTE
General note Brief record.
500 ## - GENERAL NOTE
General note ODEON
500 ## - GENERAL NOTE
General note Black
500 ## - GENERAL NOTE
General note Extended Play
505 ## - FORMATTED CONTENTS NOTE
Formatted contents note Part 1 Mere mitwa mere meet re (Lata Mangeshkar) मेरे मितवा मेरे मीत रे , Part 2 Jis ke sapne (Mahendra Kapoor & Lata Mangeshkar) जिस के सपने
Statement of responsibility
650 ## - SUBJECT ADDED ENTRY--TOPICAL TERM
Topical term or geographic name as entry element Classical Music
General subdivision Excerpts
Geographic subdivision India
9 (RLIN) 19607
700 ## - ADDED ENTRY--PERSONAL NAME
Personal name Kapoor, Mehendra
9 (RLIN) 1184
700 ## - ADDED ENTRY--PERSONAL NAME
Personal name Kalyanji Anandji
9 (RLIN) 19690
700 ## - ADDED ENTRY--PERSONAL NAME
Personal name Hasrat Jaipuri
9 (RLIN) 19704
942 ## - ADDED ENTRY ELEMENTS (KOHA)
Source of classification or shelving scheme Dewey Decimal Classification
Item type Gramaphone Records
Holdings
Withdrawn status Lost status Source of classification or shelving scheme Damaged status Not for loan Home library Current library Date acquired Source of acquisition Total Checkouts Barcode Date last seen Copy number Price effective from Koha item type
    Dewey Decimal Classification   Not For Loan Central Library Central Library 13/09/2010 SED/VEN   GR-02015 13/09/2010 1 13/09/2010 Gramaphone Records

© Delhi Public Library
Hit Counter
free hit counter